| 000 | 00000nam##2200000za#4500 |
| 001 | 9.606165 |
| 003 | CaOODSP |
| 005 | 20220901164728 |
| 007 | cr ||||||||||| |
| 008 | 150406|2007||||xxc|||||o f|0| 0 fre|d |
| 040 | |aCaOODSP|bfre |
| 043 | |an-cn--- |
| 086 | 1 |aJ3-2/2007-2F-PDF |
| 110 | 1 |aCanada.|bJustice Canada. |
| 245 | 13|aLa stratégie de justice familiale axée sur l'enfant : |h[ressource électronique]|benquête sur la pratique du droit de la famille au Canada, 2004-2006 / |cpréparé par : Joanne J. Paetsch, Lorne D. Bertand, et Nicholas Bala. Présenté par : l'Institut canadien de recherche sur le droit et la famille. |
| 260 | |bJustice Canada |cAvril 2007. |
| 300 | |a126p.|bfigures, tableaux |
| 490 | 1 |aMinistère de la justice - rapport de recherche |
| 590 | |a13-22-Supp|b2013-09-26 |
| 775 | 08|tThe Child-Centred Family Justice Strategy : |w(CaOODSP)9.577605 |
| 830 | #0|aRapport de recherche (Canada. Ministère de la justice. Division de la recherche et de la statistique)|w(CaOODSP)9.501474 |
| 856 | 40|ahttp://publications.gc.ca|qPDF|s370 Ko|uhttps://publications.gc.ca/collections/collection_2013/jus/J3-2-2007-2-fra.pdf |